[Event "LSS No Engine Cup 198 Preliminary 0"]
[Site "LSS email"]
[Date "2020.02.02"]
[Round "?"]
[White "Mostowik, Pawel"]
[Black "Gimenes, Hamilton"]
[Result "1-0"]
[WhiteElo "2114"]
[BlackElo "1984"]
[PlyCount "113"]
[EventDate "2020.02.02"]
[EventType "tourn (corr)"]
[EventRounds "6"]
[EventCountry "GER"]
[SourceTitle "Corr 2022"]
[Source "ChessBase"]
[SourceDate "2021.10.24"]
[SourceVersion "1"]
[SourceVersionDate "2021.10.24"]
[SourceQuality "1"]

1. e4 c5 2. Nf3 d6 3. d4 cxd4 4. Nxd4 Nf6 5. Nc3 a6 6. Be3 e5 7. Nb3 Be6 8. Be2 Be7 9. 0-0 Nbd7 10. Re1 Rc8 11. Bf3 0-0 12. a4 h6 13. a5 Nh7 14. Bg4 Ndf6 15. Bxe6 fxe6 16. f3 h5 17. Nc1 Qe8 18. Nd3 Qg6 19. Bf2 Ng5 20. Kh1 Qh6 21. Bh4 Nf7 22. Qe2 Bd8 23. Rf1 Nh8 24. Nd1 Be7 25. Be1 Nf7 26. Bd2 Qh7 27. Rc1 Qg6 28. N1f2 Rc7 29. b4 Nd7 30. c3 Bg5 31. Bxg5 Qxg5 32. Nb2 Qe7 33. Rfd1 Qg5 34. Nh3 Qe7 35. Na4 Nb8 36. Rd3 Nd7 37. Nf2 Rfc8 38. Qa2 Rc6 39. Qd2 h4 40. Rd1 b6 41. Nxb6 Nxb6 42. axb6 Rxb6 43. h3 Rbc6 44. Ng4 R8c7 45. Kg1 Rc8 46. Ne3 R8c7 47. Kh2 Kh7 48. Qc2 Qg5 49. Kh1 Nh8 50. c4 Ng6 51. Qd2 Nf4 52. Rc3 Nh5 53. Re1 Rc8 54. Rc2 Rb8 55. Kh2 Qf4+ 56. Kg1 Qg5 57. Kh1 1-0

[Event "LSS No Engine Cup 189 Final"]
[Site "LSS email"]
[Date "2019.12.16"]
[Round "?"]
[White "Gimenes, Hamilton"]
[Black "Svrsek Jr, Radomir"]
[Result "1-0"]
[WhiteElo "2119"]
[BlackElo "1879"]
[PlyCount "91"]
[EventDate "2019.12.17"]
[EventType "tourn (corr)"]
[EventRounds "6"]
[EventCountry "GER"]
[SourceTitle "Corr 2022"]
[Source "ChessBase"]
[SourceDate "2021.10.24"]
[SourceVersion "1"]
[SourceVersionDate "2021.10.24"]
[SourceQuality "1"]

1. e4 e5 2. Nf3 Nc6 3. Bb5 a6 4. Ba4 b5 5. Bb3 Nf6 6. 0-0 Be7 7. Re1 d6 8. c3 0-0 9. h3 Na5 10. Bc2 c5 11. d4 Qc7 12. Nbd2 cxd4 13. cxd4 Nc6 14. a3 Bd7 15. d5 Na5 16. Bd3 Rfc8 17. Nf1 Qa7 18. Ng3 Bd8 19. Rf1 g6 20. Rb1 Bb6 21. Nh2 Kg7 22. Kh1 Ng8 23. f4 f6 24. Rf3 Rc7 25. f5 Rac8 26. fxg6 hxg6 27. Ne2 Rf8 28. b3 Qa8 29. Bd2 Qe8 30. Qe1 Nb7 31. b4 Nd8 32. Qg3 Ne7 33. Rbf1 Ng8 34. Qh4 Nf7 35. Rxf6 Nxf6 36. Qxf6+ Kh7 37. Ng3 Bc8 38. Nf5 Nd8 39. Qh4+ Kg8 40. Ng4 gxf5 41. exf5 Rh7 42. Nh6+ Rxh6 43. Qxh6 Rf7 44. Qg6+ Kh8 45. f6 Qg8 46. Qh5+ 1-0

[Event "CP-2019-Q-00005"]
[Site "LSS email"]
[Date "2019.11.27"]
[Round "?"]
[White "Gimenes, Hamilton"]
[Black "Turoczi, Peter"]
[Result "0-1"]
[WhiteElo "1732"]
[BlackElo "2042"]
[PlyCount "82"]
[EventDate "2019.12.01"]
[EventType "tourn (corr)"]
[EventRounds "6"]
[EventCountry "GER"]
[SourceTitle "Corr 2022"]
[Source "ChessBase"]
[SourceDate "2021.10.24"]
[SourceVersion "1"]
[SourceVersionDate "2021.10.24"]
[SourceQuality "1"]

1. e4 c5 2. Nf3 Nc6 3. d4 cxd4 4. Nxd4 Nf6 5. Nc3 e5 6. Nb3 Bb4 7. Bd3 Bxc3+ 8. bxc3 0-0 9. 0-0 h6 10. c4 d6 11. a4 Be6 12. Qf3 a5 13. Be3 Rc8 14. Rab1 Kh8 15. Rb2 b6 16. Rfb1 Nb4 17. Nd2 Nd7 18. Rd1 Nc5 19. Bxc5 Rxc5 20. Nf1 Na6 21. c3 Rc6 22. Ne3 Nc5 23. Bc2 Qg5 24. g3 Rb8 25. Kg2 Qe7 26. Rdb1 Nd7 27. Bd3 Nc5 28. Nd5 Qd8 29. Bc2 Nd7 30. Bd3 Rb7 31. Rd2 f6 32. Qh5 Nc5 33. Bc2 Bf7 34. Qd1 Bg6 35. Qe2 Qe8 36. Rdd1 Bh5 37. f3 Qd8 38. Ne3 Ne6 39. Rf1 Bg6 40. Rfd1 Bh5 41. Rf1 Ng5 0-1

[Event "CP-2019-Q-00005"]
[Site "LSS email"]
[Date "2019.11.27"]
[Round "?"]
[White "Langer, Raimund"]
[Black "Gimenes, Hamilton"]
[Result "1-0"]
[WhiteElo "2464"]
[BlackElo "1732"]
[PlyCount "51"]
[EventDate "2019.12.01"]
[EventType "tourn (corr)"]
[EventRounds "6"]
[EventCountry "GER"]
[SourceTitle "Corr 2022"]
[Source "ChessBase"]
[SourceDate "2021.10.24"]
[SourceVersion "1"]
[SourceVersionDate "2021.10.24"]
[SourceQuality "1"]

1. e4 c5 2. Nf3 d6 3. d4 cxd4 4. Nxd4 Nf6 5. Nc3 a6 6. Bg5 e6 7. f4 Be7 8. Qf3 Qc7 9. 0-0-0 Nbd7 10. g4 b5 11. Bxf6 Nxf6 12. g5 Nd7 13. f5 Bxg5+ 14. Kb1 Ne5 15. Qh5 Qd8 16. h4 Bf6 17. fxe6 0-0 18. Bh3 Kh8 19. Nd5 fxe6 20. Bxe6 Bb7 21. Rhf1 Qe8 22. Qe2 Nc6 23. Nxf6 Rxf6 24. Rxf6 Nxd4 25. Rxd4 gxf6 26. Rxd6 1-0

[Event "LSS No Engine Cup 189 Preliminary 0"]
[Site "LSS email"]
[Date "2019.04.15"]
[Round "?"]
[White "Gimenes, Hamilton"]
[Black "Rivera, Angel"]
[Result "1-0"]
[WhiteElo "2102"]
[BlackElo "1600"]
[PlyCount "123"]
[EventDate "2019.04.16"]
[EventType "tourn (corr)"]
[EventRounds "6"]
[EventCountry "GER"]
[SourceTitle "Corr 2022"]
[Source "ChessBase"]
[SourceDate "2021.10.24"]
[SourceVersion "1"]
[SourceVersionDate "2021.10.24"]
[SourceQuality "1"]

1. e4 c6 2. d4 d5 3. e5 c5 4. dxc5 e6 5. a3 Bxc5 6. Qg4 Ne7 7. Bd3 h5 8. Qf4 0-0 9. Qg5 Nf5 10. Qxd8 Rxd8 11. Bg5 Rd7 12. Nf3 Nd4 13. Nbd2 b6 14. c3 Ndc6 15. Rg1 Rc7 16. g4 hxg4 17. Rxg4 Nd7 18. Bf4 Bf8 19. h4 Nc5 20. Be2 Bb7 21. h5 Rac8 22. Rg3 Kh8 23. Rh3 Ba6 24. Bxa6 Nxa6 25. h6 g6 26. Ng5 b5 27. 0-0-0 Nc5 28. Kb1 Rb7 29. Be3 a5 30. Rf3 Nd8 31. Bxc5 Bxc5 32. Nb3 a4 33. Nxc5 Rxc5 34. Rd4 Rcc7 35. Rdf4 Re7 36. Rf6 Kg8 37. Kc2 Re8 38. Kd2 Ree7 39. Ke3 Rbd7 40. R3f4 Ra7 41. Kd2 Rad7 42. Ke3 Rb7 43. Kd2 Ra7 44. Ke2 Rab7 45. Kf1 Rbc7 46. Ke2 Rcd7 47. Kd2 Rc7 48. Ke3 Rb7 49. Kd2 Rbc7 50. Ke2 Rb7 51. Kd1 Rbd7 52. Kc2 Rb7 53. Rf3 Rbc7 54. Kd1 Red7 55. h7+ Kg7 56. Rh3 Kh8 57. Rh6 Re7 58. Rhxg6 Re8 59. Rh6 Rd7 60. f4 Ree7 61. Ke2 Re8 62. Ke3 1-0

[Event "LSS No Engine Cup 187 Preliminary 0"]
[Site "LSS email"]
[Date "2019.02.11"]
[Round "?"]
[White "Csoma, Robert"]
[Black "Gimenes, Hamilton"]
[Result "0-1"]
[WhiteElo "1285"]
[BlackElo "2017"]
[PlyCount "58"]
[EventDate "2019.02.12"]
[EventType "tourn (corr)"]
[EventRounds "6"]
[EventCountry "GER"]
[SourceTitle "Corr 2022"]
[Source "ChessBase"]
[SourceDate "2021.10.24"]
[SourceVersion "1"]
[SourceVersionDate "2021.10.24"]
[SourceQuality "1"]

1. c4 Nf6 2. d4 g6 3. Nc3 d5 4. cxd5 Nxd5 5. e4 Nxc3 6. bxc3 Bg7 7. Bc4 c5 8. Ne2 Nc6 9. Be3 0-0 10. 0-0 b6 11. Qd2 Bb7 12. f3 Qc8 13. Rac1 Rd8 14. Bd5 Na5 15. Bb3 Ba6 16. Rfd1 Nc4 17. Bxc4 Bxc4 18. Qc2 Qa6 19. Nf4 cxd4 20. cxd4 Rac8 21. Qf2 Qxa2 22. Qxa2 Bxa2 23. Ra1 Rc2 24. Rd3 Bc4 25. Rda3 Bxd4 26. Bxd4 Rxd4 27. Rxa7 Rdd2 28. Ra8+ Kg7 29. R8a7 e5 0-1

[Event "LSS No Engine Cup 187 Preliminary 0"]
[Site "LSS email"]
[Date "2019.02.11"]
[Round "?"]
[White "Gimenes, Hamilton"]
[Black "Keller, Thomas"]
[Result "1-0"]
[WhiteElo "2017"]
[BlackElo "1364"]
[PlyCount "37"]
[EventDate "2019.02.12"]
[EventType "tourn (corr)"]
[EventRounds "6"]
[EventCountry "GER"]
[SourceTitle "Corr 2022"]
[Source "ChessBase"]
[SourceDate "2021.10.24"]
[SourceVersion "1"]
[SourceVersionDate "2021.10.24"]
[SourceQuality "1"]

1. e4 c5 2. Nf3 d6 3. d4 cxd4 4. Nxd4 Nf6 5. Nc3 a6 6. Be3 e6 7. f3 Be7 8. Qd2 0-0 9. 0-0-0 b5 10. g4 Nbd7 11. Nc6 Qe8 12. Nxe7+ Qxe7 13. Qxd6 Qxd6 14. Rxd6 Ne5 15. Be2 Bb7 16. g5 Ne8 17. Rb6 Rb8 18. Rd1 Kh8 19. Bf4 1-0

[Event "LSS No Engine Cup 187 Preliminary 0"]
[Site "LSS email"]
[Date "2019.02.11"]
[Round "?"]
[White "Littlewood, Richard"]
[Black "Gimenes, Hamilton"]
[Result "0-1"]
[WhiteElo "1619"]
[BlackElo "2017"]
[PlyCount "92"]
[EventDate "2019.02.12"]
[EventType "tourn (corr)"]
[EventRounds "6"]
[EventCountry "GER"]
[SourceTitle "Corr 2022"]
[Source "ChessBase"]
[SourceDate "2021.10.24"]
[SourceVersion "1"]
[SourceVersionDate "2021.10.24"]
[SourceQuality "1"]

1. e4 c5 2. Nf3 d6 3. d4 cxd4 4. Nxd4 Nf6 5. Nc3 a6 6. Be2 e5 7. Nf3 h6 8. Nd2 b5 9. a4 b4 10. Nd5 Nxd5 11. exd5 Bb7 12. Nc4 a5 13. Be3 Nd7 14. 0-0 Be7 15. Qd2 Ba6 16. c3 bxc3 17. Qxc3 0-0 18. Rfc1 f5 19. Bf1 f4 20. Bd2 Nc5 21. Qc2 Bxc4 22. Bxc4 Qb6 23. Bb5 e4 24. Rab1 Bh4 25. Rf1 Rac8 26. Qd1 e3 27. fxe3 Ne4 28. Bc3 fxe3 29. Rxf8+ Rxf8 30. Qd4 Qxd4 31. Bxd4 Bf2+ 32. Kh1 Rc8 33. Bc3 Nxc3 34. bxc3 Rxc3 35. g3 Kf7 36. Kg2 Kf6 37. Kf3 g5 38. g4 Ke5 39. Bc6 Rc4 40. h3 Rf4+ 41. Ke2 Re4 42. Rb8 Kf4 43. Rd8 Rb4 44. Rxd6 Rb2+ 45. Kf1 Kg3 46. Re6 e2+ 0-1

[Event "LSS No Engine Cup 178 Final"]
[Site "LSS email"]
[Date "2018.12.25"]
[Round "?"]
[White "Gimenes, Hamilton"]
[Black "Mostowik, Pawel"]
[Result "0-1"]
[WhiteElo "2011"]
[BlackElo "2126"]
[PlyCount "74"]
[EventDate "2018.12.26"]
[EventType "tourn (corr)"]
[EventRounds "6"]
[EventCountry "GER"]
[SourceTitle "Corr 2022"]
[Source "ChessBase"]
[SourceDate "2021.10.24"]
[SourceVersion "1"]
[SourceVersionDate "2021.10.24"]
[SourceQuality "1"]

1. e4 c5 2. Nf3 e6 3. d4 cxd4 4. Nxd4 Nc6 5. Nc3 Nf6 6. Ndb5 Bb4 7. a3 Bxc3+ 8. Nxc3 d5 9. exd5 exd5 10. Bd3 0-0 11. 0-0 Ne5 12. Re1 Bg4 13. f3 Nxd3 14. Qxd3 Be6 15. Be3 a6 16. Rad1 Rc8 17. Bd4 Re8 18. Qd2 h6 19. Ne2 Bd7 20. Nf4 Bc6 21. Bc3 Rxe1+ 22. Qxe1 Qd6 23. Qd2 Re8 24. Qd4 Bb5 25. h4 Bc6 26. g3 Bd7 27. Kg2 Bf5 28. Rd2 Qc6 29. Kg1 Re1+ 30. Kf2 Re8 31. Kg1 Qd6 32. Kf2 Qe7 33. Kg2 Qd6 34. Qb4 Qxb4 35. axb4 d4 36. Bxd4 Rd8 37. Bxf6 Rxd2+ 0-1

[Event "LSS No Engine Cup 178 Final"]
[Site "LSS email"]
[Date "2018.12.25"]
[Round "?"]
[White "Gimenes, Hamilton"]
[Black "Vio, Mauro"]
[Result "1-0"]
[WhiteElo "2011"]
[BlackElo "1894"]
[PlyCount "47"]
[EventDate "2018.12.26"]
[EventType "tourn (corr)"]
[EventRounds "6"]
[EventCountry "GER"]
[SourceTitle "Corr 2022"]
[Source "ChessBase"]
[SourceDate "2021.10.24"]
[SourceVersion "1"]
[SourceVersionDate "2021.10.24"]
[SourceQuality "1"]

1. e4 Nf6 2. e5 Nd5 3. d4 d6 4. Nf3 e6 5. c4 Nb6 6. exd6 cxd6 7. Nc3 Be7 8. Bd3 Nc6 9. 0-0 0-0 10. Re1 Nb4 11. Bb1 Qc7 12. a3 Na6 13. Qc2 f5 14. b4 Nxc4 15. d5 Bf6 16. Nb5 Qe7 17. Qxc4 Bxa1 18. dxe6 Be5 19. Nxe5 dxe5 20. Rxe5 Kh8 21. h4 h6 22. Bb2 Rf6 23. Nd4 Nc7 24. Nxf5 1-0

[Event "LSS No Engine Cup 178 Final"]
[Site "LSS email"]
[Date "2018.12.25"]
[Round "?"]
[White "Sofia, Gerardo"]
[Black "Gimenes, Hamilton"]
[Result "0-1"]
[WhiteElo "1935"]
[BlackElo "2011"]
[PlyCount "96"]
[EventDate "2018.12.26"]
[EventType "tourn (corr)"]
[EventRounds "6"]
[EventCountry "GER"]
[SourceTitle "Corr 2022"]
[Source "ChessBase"]
[SourceDate "2021.10.24"]
[SourceVersion "1"]
[SourceVersionDate "2021.10.24"]
[SourceQuality "1"]

1. e4 c5 2. Nf3 d6 3. d4 cxd4 4. Nxd4 Nf6 5. Nc3 a6 6. Bg5 e6 7. Qf3 Be7 8. Be2 Qc7 9. 0-0 0-0 10. a4 Nc6 11. Nb3 Nb4 12. Qg3 e5 13. f4 Kh8 14. Rac1 h6 15. Bxf6 Bxf6 16. f5 Bd7 17. Qf2 Rad8 18. Rcd1 Bc6 19. Bf3 g6 20. Bg4 h5 21. Be2 Kg7 22. Bd3 d5 23. Nxd5 Nxd5 24. exd5 Bxd5 25. Nc5 Qc6 26. b4 e4 27. b5 Qe8 28. Rde1 e3 29. Qe2 Qe7 30. Nb3 Bc3 31. Rd1 Qh4 32. g3 Qe7 33. Rf4 Be5 34. Rff1 axb5 35. axb5 Bc3 36. Rf4 g5 37. f6+ Bxf6 38. Rxf6 Qxf6 39. Rf1 Qb6 40. c4 Bf3 41. Rxf3 Rxd3 42. c5 Qg6 43. Rxe3 Rfd8 44. Rxd3 Rxd3 45. Qe5+ f6 46. Qe7+ Kg8 47. Qe6+ Kf8 48. c6 Rd1+ 0-1

[Event "CP-2018-P-00040"]
[Site "LSS email"]
[Date "2018.09.27"]
[Round "?"]
[White "Fernandez, Javier Horacio"]
[Black "Gimenes, Hamilton"]
[Result "1/2-1/2"]
[WhiteElo "2320"]
[BlackElo "1622"]
[PlyCount "108"]
[EventDate "2018.10.01"]
[EventType "tourn (corr)"]
[EventRounds "6"]
[EventCountry "GER"]
[SourceTitle "Corr 2022"]
[Source "ChessBase"]
[SourceDate "2021.10.24"]
[SourceVersion "1"]
[SourceVersionDate "2021.10.24"]
[SourceQuality "1"]

1. e4 c5 2. Nf3 d6 3. c3 Nf6 4. h3 Nc6 5. Bd3 g6 6. Bc2 Bg7 7. d4 cxd4 8. cxd4 0-0 9. Nc3 e5 10. d5 Nd4 11. 0-0 Nxc2 12. Qxc2 a6 13. a4 Nh5 14. Be3 f5 15. Qb3 Qe7 16. a5 Bd7 17. Rac1 h6 18. Rfe1 Be8 19. Re2 Rc8 20. Qb4 Kh7 21. Rec2 Rf7 22. Qb3 Qf8 23. Nd2 Qe7 24. f3 Qh4 25. Nc4 Bf8 26. Rf1 Nf4 27. Kh2 Nh5 28. Qb4 Bb5 29. b3 Qg3+ 30. Kg1 Bxc4 31. bxc4 Nf4 32. Bxf4 Qxf4 33. Re1 Rcc7 34. Na4 h5 35. Qb6 Rc8 36. Ree2 Qg5 37. Qf2 Rcc7 38. Kh1 Qd8 39. Qe1 fxe4 40. Rxe4 Rf4 41. Rxf4 exf4 42. Nb2 Qe7 43. Qf2 Qe3 44. Qxe3 fxe3 45. Nd3 e2 46. Kg1 Rc5 47. Rxe2 Rxa5 48. Re8 Kg7 49. Rd8 g5 50. Rd7+ Kg6 51. Rxb7 Ra3 52. Nb4 Rb3 53. Rb8 a5 54. Rxf8 Rxb4 1/2-1/2

[Event "CP-2018-P-00040"]
[Site "LSS email"]
[Date "2018.09.27"]
[Round "?"]
[White "Gimenes, Hamilton"]
[Black "Belanoff, Stuart B"]
[Result "1/2-1/2"]
[WhiteElo "1622"]
[BlackElo "2220"]
[PlyCount "87"]
[EventDate "2018.10.01"]
[EventType "tourn (corr)"]
[EventRounds "6"]
[EventCountry "GER"]
[SourceTitle "Corr 2022"]
[Source "ChessBase"]
[SourceDate "2021.10.24"]
[SourceVersion "1"]
[SourceVersionDate "2021.10.24"]
[SourceQuality "1"]

1. e4 Nc6 2. Nf3 d6 3. d4 Nf6 4. Nc3 g6 5. d5 Nb8 6. h3 Bg7 7. Bc4 c6 8. a4 0-0 9. 0-0 cxd5 10. exd5 Qc7 11. Qe2 Nbd7 12. Re1 Re8 13. Be3 a6 14. Bd4 b6 15. b3 Bb7 16. Rad1 Nc5 17. Nh2 e6 18. dxe6 Nxe6 19. Bxf6 Bxf6 20. Ne4 Bxe4 21. Qxe4 Nd4 22. Qxe8+ Rxe8 23. Rxe8+ Kg7 24. Ng4 d5 25. Nxf6 dxc4 26. Rxd4 cxb3 27. cxb3 Kxf6 28. Re3 Kg7 29. Red3 Qc1+ 30. Kh2 Qc5 31. g3 h6 32. Kg2 Qc6+ 33. Kh2 Qc5 34. Kg2 Qc6+ 35. Rd5 b5 36. axb5 axb5 37. Kh2 Qf6 38. Kg1 Qc6 39. Rd6 Qc1+ 40. Kh2 Qc7 41. Kg1 Qc8 42. Rd7 Qc1+ 43. Kh2 Qc6 44. R7d6 1/2-1/2

[Event "LSS No Engine Cup 177 Final"]
[Site "LSS email"]
[Date "2018.09.09"]
[Round "?"]
[White "Gimenes, Hamilton"]
[Black "Kelemen, Gyoergy"]
[Result "1-0"]
[WhiteElo "1986"]
[BlackElo "2133"]
[PlyCount "197"]
[EventDate "2018.09.10"]
[EventType "tourn (corr)"]
[EventRounds "6"]
[EventCountry "GER"]
[SourceTitle "Corr 2022"]
[Source "ChessBase"]
[SourceDate "2021.10.24"]
[SourceVersion "1"]
[SourceVersionDate "2021.10.24"]
[SourceQuality "1"]

1. e4 c5 2. Nf3 d6 3. d4 cxd4 4. Nxd4 Nf6 5. Nc3 a6 6. Bg5 e6 7. f4 b5 8. e5 dxe5 9. fxe5 Qc7 10. exf6 Qe5+ 11. Be2 Qxg5 12. 0-0 Ra7 13. Qd3 Rd7 14. Ne4 Qe5 15. Nf3 Qxb2 16. Qe3 Bb7 17. a4 Qb4 18. c4 Bxe4 19. Qxe4 gxf6 20. Qf4 bxa4 21. Qxf6 Rg8 22. Ne5 Bg7 23. Nxd7 Bxf6 24. Nxf6+ Kf8 25. Rab1 Qc5+ 26. Kh1 Kg7 27. Nxg8 Qe5 28. Bh5 Qxh5 29. Rxb8 Qe5 30. Rb7 Kxg8 31. Rbxf7 Qc5 32. R7f3 e5 33. Rg3+ Kh8 34. Ra1 a5 35. Rga3 Qxc4 36. Rxa4 Qe2 37. Rxa5 Kg7 38. h3 h5 39. Ra7+ Kg6 40. R1a6+ Kf5 41. Rf7+ Ke4 42. Ra4+ Kd5 43. Kh2 Qc2 44. Ra6 Kd4 45. Rh6 Qc4 46. Rf5 Qc7 47. Rhxh5 e4+ 48. Re5 e3 49. Kg3 Kc3 50. Kf3 Qb7+ 51. Rd5 Qb2 52. Rc5+ Kd2 53. Rhe5 Ke1 54. Rxe3+ Kf1 55. g4 Qf2+ 56. Ke4 Kg2 57. Rcc3 Qa2 58. Kd3 Qd5+ 59. Kc2 Qa2+ 60. Kc1 Qa1+ 61. Kd2 Qa5 62. h4 Kf1 63. Rf3+ Kg1 64. g5 Qa2+ 65. Kd1 Qa4+ 66. Rb3 Qd4+ 67. Rfd3 Qg4+ 68. Kd2 Qf4+ 69. Re3 Qd4+ 70. Rbd3 Qb4+ 71. Rc3 Qd4+ 72. Ke1 Qb4 73. Rg3+ Kh1 74. Rgd3 Kg1 75. h5 Qb1+ 76. Ke2 Qf1+ 77. Kd2 Qg2+ 78. Kd1 Qg4+ 79. Rf3 Qa4+ 80. Ke2 Qa2+ 81. Ke3 Kg2 82. h6 Qa5 83. Ke2 Qa2+ 84. Kd1 Qa1+ 85. Kd2 Qa2+ 86. Rc2 Qa5+ 87. Ke2 Qa4 88. Rd2 Qb5+ 89. Ke3+ Kg1 90. Rg3+ Kh1 91. Rd3 Qb6+ 92. Rd4 Qc5 93. Ke4 Kh2 94. Re3 Qc2+ 95. Red3 Qc6+ 96. Kf5 Qc8+ 97. Rd7 Qc5+ 98. Kg6 Qc6+ 99. Kg7 1-0

[Event "LSS No Engine Cup 177 Final"]
[Site "LSS email"]
[Date "2018.09.09"]
[Round "?"]
[White "Reede, Arvo"]
[Black "Gimenes, Hamilton"]
[Result "0-1"]
[WhiteElo "1845"]
[BlackElo "1986"]
[PlyCount "70"]
[EventDate "2018.09.10"]
[EventType "tourn (corr)"]
[EventRounds "6"]
[EventCountry "GER"]
[SourceTitle "Corr 2022"]
[Source "ChessBase"]
[SourceDate "2021.10.24"]
[SourceVersion "1"]
[SourceVersionDate "2021.10.24"]
[SourceQuality "1"]

1. d4 Nf6 2. c4 g6 3. Nc3 d5 4. Nf3 Bg7 5. e3 0-0 6. cxd5 Nxd5 7. Bc4 Nb6 8. Be2 c5 9. 0-0 cxd4 10. Nxd4 Bd7 11. a4 a5 12. Ncb5 Na6 13. Bd2 Nb4 14. Qb1 e5 15. Nb3 Be6 16. Bxb4 axb4 17. Nc5 Bd5 18. e4 Bc6 19. a5 Nd5 20. Rd1 Nf4 21. Rxd8 Nxe2+ 22. Kf1 Rfxd8 23. Na7 Rxa7 24. Kxe2 Bb5+ 25. Ke1 Bh6 26. f4 Bf8 27. Na4 exf4 28. Nb6 Rd4 29. b3 Be7 30. Kf2 Bc5 31. Kf3 Rd3+ 32. Kxf4 Be3+ 33. Kg4 h5+ 34. Kh4 f6 35. Qxd3 Bxd3 0-1

[Event "SD-2018-0-00290"]
[Site "LSS email"]
[Date "2018.06.20"]
[Round "?"]
[White "Correa de Almeida, Claudio"]
[Black "Gimenes, Hamilton"]
[Result "0-1"]
[WhiteElo "1458"]
[BlackElo "1526"]
[PlyCount "152"]
[EventDate "2018.03.12"]
[EventType "tourn (corr)"]
[EventRounds "6"]
[EventCountry "GER"]
[SourceTitle "Corr 2022"]
[Source "ChessBase"]
[SourceDate "2021.10.24"]
[SourceVersion "1"]
[SourceVersionDate "2021.10.24"]
[SourceQuality "1"]

1. e4 c5 2. Nf3 d6 3. d4 cxd4 4. Nxd4 Nf6 5. Nc3 g6 6. Be3 Bg7 7. f3 Nc6 8. Qd2 0-0 9. 0-0-0 d5 10. Nxc6 bxc6 11. Bh6 Bxh6 12. Qxh6 Qb6 13. e5 Nd7 14. h4 Nxe5 15. h5 Bf5 16. g4 f6 17. Qf4 Rab8 18. b3 Be6 19. hxg6 hxg6 20. Re1 Qb4 21. Qxb4 Rxb4 22. a3 Rf4 23. Bg2 Bc8 24. Rh3 Ba6 25. Na4 g5 26. Nc5 Bc8 27. Reh1 Kf7 28. Rh7+ Ke8 29. Rh8 Bd7 30. Kb2 Rxh8 31. Rxh8+ Kf7 32. Rh7+ Kf8 33. Rh8+ Kf7 34. Rh7+ Kf8 35. Rh8+ Kg7 36. Rd8 Bxg4 37. fxg4 Rf2 38. Bh3 Rf3 39. Bg2 Rf2 40. Bh3 Rh2 41. Bf1 Nxg4 42. Bd3 Ne3 43. Rc8 g4 44. Ne6+ Kf7 45. Nd8+ Ke8 46. Nxc6+ Kd7 47. Nxa7 g3 48. Rg8 g2 49. Nb5 Rh1 50. Bf5+ Kc6 51. Nd4+ Kd6 52. Ne2 e5 53. a4 Nxf5 54. Rxg2 Ne3 55. Ng3 Rh3 56. Rg1 Rh2 57. Rc1 Rf2 58. a5 f5 59. a6 Kc7 60. Nh1 Rg2 61. Kc3 f4 62. Kd3 Nf5 63. b4 e4+ 64. Kc3 Kb6 65. Ra1 Rg7 66. Nf2 Rc7+ 67. Kb2 Ne3 68. c3 f3 69. Kb3 Ng2 70. Rh1 Rf7 71. c4 dxc4+ 72. Kxc4 e3 73. Nd3 f2 74. a7 Kxa7 75. Nc1 f1Q+ 76. Rxf1 Rxf1 0-1

[Event "SD-2018-0-00286"]
[Site "LSS email"]
[Date "2018.03.11"]
[Round "?"]
[White "Bieszk, Stanislaw"]
[Black "Gimenes, Hamilton"]
[Result "0-1"]
[WhiteElo "1549"]
[BlackElo "1523"]
[PlyCount "64"]
[EventDate "2017.11.11"]
[EventType "tourn (corr)"]
[EventRounds "6"]
[EventCountry "GER"]
[SourceTitle "Corr 2022"]
[Source "ChessBase"]
[SourceDate "2021.10.24"]
[SourceVersion "1"]
[SourceVersionDate "2021.10.24"]
[SourceQuality "1"]

1. a3 d5 2. Nf3 Nf6 3. b4 Bg4 4. Bb2 e6 5. e3 Nbd7 6. c4 dxc4 7. Bxc4 a5 8. b5 Be7 9. 0-0 0-0 10. h3 Bh5 11. d4 c5 12. g4 Bg6 13. Bd3 cxd4 14. Bxg6 hxg6 15. Qxd4 Nc5 16. Nbd2 Qxd4 17. Bxd4 a4 18. Bxc5 Bxc5 19. Rfc1 Rfc8 20. Rc4 Be7 21. Rac1 Rxc4 22. Nxc4 Rc8 23. Nfe5 Rc5 24. b6 Nd5 25. Nd3 Rc6 26. e4 Nxb6 27. Nxb6 Rxb6 28. Rc4 Rb1+ 29. Kg2 b5 30. Rc7 Bxa3 31. Ne5 Bf8 32. Rxf7 Bd6 0-1

[Event "LSS No Engine Cup 177 Preliminary 0"]
[Site "LSS email"]
[Date "2018.02.10"]
[Round "?"]
[White "Arango Marin, Sixto Gregorio"]
[Black "Gimenes, Hamilton"]
[Result "0-1"]
[WhiteElo "1065"]
[BlackElo "1935"]
[PlyCount "68"]
[EventDate "2018.02.11"]
[EventType "tourn (corr)"]
[EventRounds "6"]
[EventCountry "GER"]
[SourceTitle "Corr 2022"]
[Source "ChessBase"]
[SourceDate "2021.10.24"]
[SourceVersion "1"]
[SourceVersionDate "2021.10.24"]
[SourceQuality "1"]

1. e4 c5 2. Bc4 e6 3. Nf3 a6 4. a4 d5 5. exd5 exd5 6. Be2 Nf6 7. 0-0 Bd6 8. Re1 0-0 9. c4 d4 10. d3 Nc6 11. Nbd2 Re8 12. Bf1 Bf5 13. h3 Nb4 14. b3 Bxd3 15. Ba3 Rxe1 16. Nxe1 Bxf1 17. Kxf1 Qb6 18. Bxb4 Qxb4 19. Nd3 Qc3 20. Ne1 Rb8 21. Rc1 Qa5 22. Nd3 Kf8 23. f3 Re8 24. Qc2 Bg3 25. Rd1 Qc7 26. Ne4 Nxe4 27. fxe4 Rxe4 28. Kg1 Qe7 29. a5 Re2 30. Qc1 Qe4 31. Ne1 Bf4 32. Qb1 Qe3+ 33. Kh1 Qf2 34. Qa1 Qf1# 0-1

[Event "LSS No Engine Cup 177 Preliminary 0"]
[Site "LSS email"]
[Date "2018.02.10"]
[Round "?"]
[White "Shim Ng Min, Francis"]
[Black "Gimenes, Hamilton"]
[Result "0-1"]
[WhiteElo "1422"]
[BlackElo "1935"]
[PlyCount "54"]
[EventDate "2018.02.11"]
[EventType "tourn (corr)"]
[EventRounds "6"]
[EventCountry "GER"]
[SourceTitle "Corr 2022"]
[Source "ChessBase"]
[SourceDate "2021.10.24"]
[SourceVersion "1"]
[SourceVersionDate "2021.10.24"]
[SourceQuality "1"]

1. e4 c5 2. Nf3 d6 3. d4 cxd4 4. Nxd4 Nf6 5. Nc3 a6 6. Bg5 e6 7. f4 Be7 8. Qf3 Qc7 9. 0-0-0 Nbd7 10. Kb1 b5 11. Bxf6 Nxf6 12. e5 Bb7 13. Qg3 dxe5 14. fxe5 Nh5 15. Qe3 b4 16. Ne4 Qxe5 17. Bd3 Nf4 18. Nf3 Qc7 19. g3 Nxd3 20. Rxd3 0-0 21. Rhd1 Rfd8 22. Nf2 Rxd3 23. Rxd3 Rc8 24. Rd2 a5 25. Ne5 Bd5 26. Nfd3 f6 27. Ng4 Qc4 0-1